[Event "C.to Provinciale MO"]
[Site "Modena ITA"]
[Date "2012.12.16"]
[Round "5"]
[White "Castelli, Antonio"]
[Black "Del Gaiso, Massimo"]
[Result "1-0"]
[WhiteElo "1651"]
[BlackElo "1714"]
[PlyCount "39"]
[EventDate "2012.12.14"]

1. e4 d5 2. exd5 Qxd5 3. Nc3 Qd6 4. Bc4 Nf6 5. d3 a6 6. h3 e6 7. Nf3 Be7 8. Bg5
b5 9. Bxf6 Bxf6 10. Bb3 Qb6 11. d4 Bb7 12. d5 exd5 13. Nxd5 Qd6 14. Qe2+ Be7
15. Qxe7+ Qxe7+ 16. Nxe7 Kxe7 17. O-O-O Nd7 18. Rhe1+ Kd8 19. Ne5 Bxg2 20.
Nxf7+ 1-0

[Event "C.to Provinciale MO"]
[Site "Modena ITA"]
[Date "2012.12.16"]
[Round "5"]
[White "Dionigi, Riccardo"]
[Black "Setti, Roberto"]
[Result "1-0"]
[WhiteElo "1910"]
[BlackElo "1976"]
[PlyCount "111"]
[EventDate "2012.12.14"]

1. d4 Nf6 2. c4 c6 3. Nc3 d5 4. cxd5 cxd5 5. Bf4 e6 6. e3 Bd6 7. Bxd6 Qxd6 8.
Bd3 O-O 9. Nf3 Nc6 10. Rc1 a6 11. O-O e5 12. dxe5 Nxe5 13. Be2 Bd7 14. Qd4 Nc6
15. Qd2 Rad8 16. Rfd1 Bf5 17. h3 Rfe8 18. Nd4 Bg6 19. Nxc6 Qxc6 20. Bf3 Qe6 21.
Nxd5 Ne4 22. Qd4 Ng5 23. Bg4 f5 24. Be2 b5 25. Qb6 Qxb6 26. Nxb6 Bf7 27. a3 Ne4
28. Rxd8 Rxd8 29. Rc8 Rxc8 30. Nxc8 Nc5 31. Nd6 Be6 32. b4 Nd7 33. e4 fxe4 34.
Nxe4 Nb6 35. Nc5 Bc8 36. Bg4 Bxg4 37. hxg4 Nc4 38. a4 a5 39. bxa5 bxa4 40. a6
Nb6 41. a7 a3 42. f4 Kf7 43. Kf2 Ke7 44. Ke3 Kd6 45. Kd4 a2 46. Nb3 Na8 47. g5
Nc7 48. Ke4 g6 49. g4 Ke6 50. f5+ gxf5+ 51. gxf5+ Kf7 52. Kd3 Kg7 53. Kc4 h5
54. gxh6+ Kxh6 55. Kc5 Kg5 56. Kc6 1-0

[Event "C.to Provinciale MO"]
[Site "Modena ITA"]
[Date "2012.12.16"]
[Round "5"]
[White "Faglioni, Isacco"]
[Black "Di Trapani, Davide"]
[Result "0-1"]
[WhiteElo "1574"]
[BlackElo "2090"]
[PlyCount "130"]
[EventDate "2012.12.14"]

1. Nf3 d5 2. c4 dxc4 3. Qa4+ Nd7 4. Qxc4 Ngf6 5. g3 c6 6. b4 g6 7. Nc3 Bg7 8.
Rb1 O-O 9. Bg2 Nb6 10. Qb3 Be6 11. Qc2 Qd7 12. Ng5 Bf5 13. d3 Rad8 14. O-O h6
15. Nge4 Bh3 16. Nxf6+ exf6 17. Ne4 Bxg2 18. Kxg2 Nd5 19. Bd2 Rfe8 20. Rfe1 f5
21. Nc3 f4 22. Ne4 fxg3 23. hxg3 f5 24. Nc5 Qc8 25. Qc1 b6 26. Nb3 g5 27. e4
Nf6 28. Qc4+ Kh7 29. exf5 Qxf5 30. Qxc6 Qxd3 31. Rxe8 Rxe8 32. Rc1 Qf5 33. Qc2
Qxc2 34. Rxc2 Ne4 35. Rc7 Nxd2 36. Nxd2 Ra8 37. Nb1 Kg6 38. Rb7 Bb2 39. Kf3 Rd8
40. Ke2 Re8+ 41. Kf1 Bd4 42. Rd7 Be5 43. Rxa7 Rf8 44. Nd2 Bxg3 45. Ne4 Be5 46.
a4 Rf4 47. Ng3 Rxb4 48. Ra6 Bxg3 49. fxg3 Kf5 50. a5 bxa5 51. Rxa5+ Kg4 52. Ra3
Rb2 53. Kg1 Kh3 54. Ra6 Kxg3 55. Kf1 h5 56. Ra3+ Kh4 57. Ra4+ g4 58. Kg1 Kh3
59. Ra5 Rb1+ 60. Kf2 h4 61. Ra4 g3+ 62. Ke2 g2 63. Ra3+ Kh2 64. Ra2 g1=Q 65.
Kf3+ Kh3 0-1

[Event "C.to Provinciale MO"]
[Site "Modena ITA"]
[Date "2012.12.16"]
[Round "5"]
[White "Ferraguti, Francesco"]
[Black "Sacchetti, Andrea"]
[Result "1-0"]
[WhiteElo "1914"]
[BlackElo "1865"]
[PlyCount "57"]
[EventDate "2012.12.14"]

1. d4 d5 2. c4 e6 3. Nc3 Nf6 4. Bg5 Be7 5. e3 Nbd7 6. cxd5 exd5 7. Bd3 c6 8.
Nge2 h6 9. Bh4 O-O 10. O-O Re8 11. Qc2 Ne4 12. Bxe7 Qxe7 13. Rae1 Ndf6 14. f3
Nxc3 15. Nxc3 Qd6 16. Qf2 Qf8 17. e4 dxe4 18. fxe4 Be6 19. b3 Qb4 20. Ne2 Rad8
21. Rd1 a5 22. h3 a4 23. Bc2 axb3 24. axb3 Ra8 25. Qg3 Qe7 26. Nf4 Ra5 27. e5
Nd7 28. Nxe6 fxe6 29. Qg6 1-0

[Event "C.to Provinciale MO"]
[Site "Modena ITA"]
[Date "2012.12.16"]
[Round "5"]
[White "Garofalo, Sergio"]
[Black "Ballista, Massimiliano"]
[Result "1/2-1/2"]
[WhiteElo "1826"]
[BlackElo "1653"]
[PlyCount "128"]
[EventDate "2012.12.14"]

1. Nf3 d5 2. d4 Nf6 3. b3 c6 4. Nbd2 Bf5 5. Nh4 Bg4 6. h3 Bh5 7. g4 Bg6 8. Bg2
Nbd7 9. Bb2 e6 10. Nxg6 hxg6 11. O-O Bd6 12. e3 e5 13. dxe5 Bxe5 14. Bxe5 Nxe5
15. Qe2 O-O 16. c4 dxc4 17. Nxc4 Nxc4 18. bxc4 Qe7 19. Rab1 Rfd8 20. Qc2 Rd7
21. e4 Rad8 22. Rfe1 Rd2 23. Qc3 Qc5 24. Re3 R8d3 25. Qb4 Rd1+ 26. Kh2 Qe5+ 27.
Rg3 R1d2 28. Qxb7 Rxg3 29. Qb8+ Qxb8 30. Rxb8+ Kh7 31. Kxg3 Rxa2 32. Rd8 Rc2
33. e5 Ng8 34. Ra8 Rxc4 35. Rxa7 Nh6 36. Rc7 c5 37. Bd5 Rc3+ 38. f3 Rc1 39.
Bxf7 Nxf7 40. Rxf7 c4 41. Rc7 c3 42. e6 Re1 43. Rxc3 Rxe6 44. Kf4 Ra6 45. Re3
Ra5 46. h4 Ra4+ 47. Re4 Ra5 48. Re5 Ra4+ 49. Kg5 Ra6 50. f4 Rb6 51. h5 gxh5 52.
gxh5 Ra6 53. Re7 Rb6 54. f5 Ra6 55. Re6 Ra1 56. h6 gxh6+ 57. Rxh6+ Kg7 58. Rc6
Rg1+ 59. Kf4 Rf1+ 60. Ke5 Re1+ 61. Kd5 Kf7 62. Rc4 Kf6 63. Rf4 Rd1+ 64. Kc4 Ra1
1/2-1/2

[Event "C.to Provinciale MO"]
[Site "Modena ITA"]
[Date "2012.12.16"]
[Round "5"]
[White "Paoli, Walter"]
[Black "Tazzioli, Luca"]
[Result "0-1"]
[WhiteElo "2045"]
[BlackElo "1933"]
[PlyCount "98"]
[EventDate "2012.12.14"]

1. Nf3 d5 2. g3 Nf6 3. Bg2 e6 4. c4 Nbd7 5. d3 b6 6. Nbd2 Bb7 7. O-O Be7 8. b3
O-O 9. Bb2 c5 10. cxd5 exd5 11. d4 Re8 12. Re1 Rc8 13. Rc1 Nf8 14. Ne5 Ng6 15.
Ndf3 Bd6 16. e3 Bb8 17. Nxg6 hxg6 18. Rc2 c4 19. Nd2 Ba6 20. Qc1 b5 21. a4 cxb3
22. Rxc8 Qxc8 23. axb5 Bxb5 24. Nxb3 Bd6 25. Qd2 Ne4 26. Qa5 Qc2 27. Bxe4 Qxb3
28. Ba3 Bxa3 29. Rb1 Bb2 30. Bf3 Bd3 31. Bxd5 Qc2 32. Ba2 Bc3 33. Qxa7 Bc4 34.
Qd7 Rf8 35. Bxc4 Qxb1+ 36. Kg2 Qe4+ 37. Kg1 Qf5 38. Qc6 Be1 39. f4 Rc8 40. Qa6
Bd2 41. e4 Qd7 42. d5 Qc7 43. Be2 Rb8 44. Qd3 Qc1+ 45. Kg2 Qc3 46. Qa6 Qd4 47.
Bd3 Be1 48. d6 Qf2+ 49. Kh3 Rb2 0-1

[Event "C.to Provinciale MO"]
[Site "Modena ITA"]
[Date "2012.12.16"]
[Round "5"]
[White "Zuccaro, Guido"]
[Black "Sasdelli, Massimo"]
[Result "0-1"]
[WhiteElo "1738"]
[BlackElo "1799"]
[PlyCount "64"]
[EventDate "2012.12.14"]

1. c4 e6 2. Nc3 d5 3. d4 Nf6 4. Bg5 Be7 5. Nf3 h6 6. Bh4 Nbd7 7. e3 c6 8. Bd3
b6 9. cxd5 cxd5 10. O-O Bb7 11. Rc1 a6 12. Qe2 g5 13. Bg3 Nh5 14. Nd2 Nxg3 15.
fxg3 h5 16. Qf2 O-O 17. Qe2 g4 18. Rf2 f5 19. Nb3 Bg5 20. Rcf1 Qe7 21. Bb1 Rf7
22. Nc1 Raf8 23. Nd3 Kg7 24. Nf4 Kh6 25. h3 Nf6 26. Kh2 Rg8 27. h4 Bxh4 28. Rh1
Bg5 29. Kg1 Bxf4 30. exf4 Ne4 31. Bxe4 dxe4 32. Nd1 Qd6 0-1